[Event "ONJK 2018 DE"]
[Site "Borne, Netherlands"]
[Date "2018.08.07"]
[Round "3.6"]
[White "Alvares, Thomas"]
[Black "Voorbergen, Milan"]
[Result "0-1"]
[WhiteElo "1046"]
[BlackElo "749"]
[PlyCount "108"]
[EventDate "2018.??.??"]

1. e4 e5 2. Nf3 Nc6 3. d4 exd4 4. Bc4 Be7 5. O-O d6 6. Nxd4 Nxd4 7. Qxd4 Nf6 8.
Nc3 c5 9. Qd3 O-O 10. Bf4 Ne8 11. Rad1 Kh8 12. Bg3 f5 13. e5 f4 14. Bxf4 Rxf4
15. Nd5 Rd4 16. Qb3 dxe5 17. Rfe1 Bf6 18. c3 Rg4 19. Ne3 Qb6 20. Qxb6 axb6 21.
Nxg4 Bxg4 22. f3 Bf5 23. Re2 e4 24. Rde1 Nc7 25. Kf2 exf3 26. Kxf3 Bg6 27. Rd1
Rf8 28. g4 Bxc3+ 29. Kg3 Bf6 30. Rd7 Ne8 31. Bb3 b5 32. Rxb7 c4 33. Bc2 Bxc2
34. Rxc2 h6 35. Rxb5 Nd6 36. Rd5 Rd8 37. Ra5 c3 38. bxc3 Bxc3 39. Kg2 Bxa5 40.
a4 Rc8 41. Re2 Rc4 42. Re6 Rxg4+ 43. Kf3 Rd4 44. Ke3 Nf5+ 45. Kf3 Rxa4 46. Re5
Nd4+ 47. Ke3 Ra3+ 48. Ke4 Kh7 49. Rd5 Ne6 50. Ke5 Ng5 51. Kf4 Bc7+ 52. Kg4 Kg6
53. Rc5 h5+ 54. Kh4 Rh3# 0-1

[Event "ONJK 2018 DE"]
[Site "Borne, Netherlands"]
[Date "2018.08.07"]
[Round "3.7"]
[White "Maris, Evi"]
[Black "Debunne, Lasse"]
[Result "0-1"]
[WhiteElo "1356"]
[BlackElo "1206"]
[PlyCount "96"]
[EventDate "2018.??.??"]

1. e4 e5 2. Nf3 Nc6 3. Bc4 Nf6 4. Ng5 d5 5. exd5 Na5 6. Bb5+ Bd7 7. Bxd7+ Qxd7
8. b4 Bxb4 9. c3 Bc5 10. O-O Nxd5 11. Re1 f6 12. Ne4 Qc6 13. d4 Bd6 14. dxe5
Bxe5 15. Bb2 O-O-O 16. Qc2 Nb4 17. Qe2 Nd5 18. Rc1 Nf4 19. Qe3 f5 20. g3 Qxe4
21. Qxe4 fxe4 22. gxf4 Bxf4 23. Re1 Rhe8 24. Na3 a6 25. Rab1 Rd5 26. c4 Rg5+
27. Kf1 Bxh2 28. Bc3 Nc6 29. Bd2 Rg1+ 30. Ke2 Rxe1+ 31. Kxe1 Nd4 32. Be3 c5 33.
Rd1 Rd8 34. Nb1 Be5 35. Nd2 b5 36. cxb5 axb5 37. Nxe4 c4 38. f4 Nc2+ 39. Ke2
Rxd1 40. Kxd1 Nxe3+ 41. Ke2 Bxf4 42. Kf3 g5 43. Nc3 b4 44. Ne2 c3 45. Ke4 h5
46. Kd3 h4 47. Kd4 h3 48. Kd3 h2 0-1

[Event "ONJK 2018 DE"]
[Site "Borne, Netherlands"]
[Date "2018.08.07"]
[Round "3.8"]
[White "Wolff, Calvin"]
[Black "Trunz, Michelle"]
[Result "0-1"]
[WhiteElo "1095"]
[BlackElo "1312"]
[PlyCount "68"]
[EventDate "2018.??.??"]

1. e4 c5 2. Nf3 d6 3. Bc4 e6 4. Nc3 Nf6 5. d4 cxd4 6. Nxd4 a6 7. Bg5 Be7 8. O-O
O-O 9. Re1 Qc7 10. Bd3 Nbd7 11. Qf3 b5 12. Qh3 h6 13. e5 dxe5 14. Nb3 hxg5 15.
Ne4 g4 16. Nxf6+ Nxf6 17. Qg3 Bd6 18. Qh4 Bb7 19. f3 gxf3 20. gxf3 Rfe8 21. Kf2
Qb6+ 22. Ke2 Qc6 23. Nd2 Kf8 24. Rg1 Nd5 25. Rg5 Nf4+ 26. Ke1 Nxd3+ 27. cxd3
Qc5 28. Kf1 Qe3 29. Nb3 Qxd3+ 30. Ke1 Qe3+ 31. Kd1 Bxf3+ 32. Kc2 Rac8+ 33. Kb1
Be4+ 34. Qxe4 Qxe4# 0-1

[Event "ONJK 2018 DE"]
[Site "Borne, Netherlands"]
[Date "2018.08.07"]
[Round "3.9"]
[White "Ponomarev, Ivan"]
[Black "Mernier, Martin"]
[Result "1-0"]
[WhiteElo "1056"]
[BlackElo "1267"]
[PlyCount "101"]
[EventDate "2018.??.??"]

1. e4 e5 2. Nf3 Nc6 3. d4 d6 4. Bb5 a6 5. Bxc6+ bxc6 6. dxe5 Qe7 7. Nc3 f5 8.
exf6 Nxf6 9. O-O Qf7 10. e5 dxe5 11. Nxe5 Qh5 12. Qxh5+ Nxh5 13. Re1 Bd6 14.
Ng6+ Kd8 15. Nxh8 Bb7 16. Nf7+ Kd7 17. Nxd6 cxd6 18. Bg5 c5 19. Re7+ Kc6 20. g4
h6 21. gxh5 hxg5 22. Rxg7 Rh8 23. Rxg5 Kc7 24. Rf1 Bf3 25. Rg3 Bc6 26. f4 Rxh5
27. f5 Be8 28. Rg7+ Kc6 29. f6 Kb6 30. f7 Bxf7 31. Rfxf7 Re5 32. Re7 Rf5 33. h4
Rh5 34. Rg4 Kc6 35. Reg7 Kb6 36. R7g5 Rh6 37. h5 Re6 38. Rh4 Re1+ 39. Kh2 Rf1
40. h6 Rf2+ 41. Rg2 Rxg2+ 42. Kxg2 d5 43. Nxd5+ Kc6 44. h7 Kxd5 45. h8=Q Kc6
46. a4 Kb6 47. Qd8+ Kc6 48. c4 a5 49. Rh6+ Kb7 50. Qe7+ Kc8 51. Rh8# 1-0

[Event "ONJK 2018 DE"]
[Site "Borne, Netherlands"]
[Date "2018.08.07"]
[Round "3.10"]
[White "Dekker, Thiemen"]
[Black "Shin, Hayun"]
[Result "0-1"]
[WhiteElo "1504"]
[BlackElo "918"]
[PlyCount "122"]
[EventDate "2018.??.??"]

1. e4 e5 2. Nf3 Nc6 3. Bc4 Bc5 4. d3 d6 5. Nc3 Bg4 6. h3 Bh5 7. g4 Bg6 8. Qe2
Nge7 9. Bd2 Qd7 10. O-O-O O-O-O 11. Be3 Nd4 12. Bxd4 exd4 13. Nd5 Nxd5 14. Bxd5
Qa4 15. Bb3 Qd7 16. a3 Rde8 17. Rhe1 Qe7 18. Kb1 f6 19. Qd2 Bf7 20. Bxf7 Qxf7
21. Qf4 Kb8 22. g5 Rhf8 23. gxf6 Qxf6 24. Qxf6 Rxf6 25. Nd2 Rxf2 26. Rf1 Ref8
27. Rxf2 Rxf2 28. Rf1 Rxf1+ 29. Nxf1 Kc8 30. Ng3 Kd7 31. Ka2 Ke6 32. Kb3 Ke5
33. Kc4 c6 34. Nf5 g6 35. Nh6 Kf4 36. Nf7 b5+ 37. Kb3 Kg3 38. a4 h5 39. e5 dxe5
40. Nxe5 g5 41. Nxc6 b4 42. Kc4 Kxh3 43. Kd5 g4 44. Ke4 Bd6 45. Nxd4 h4 46. Ne2
g3 47. Kf3 g2 48. d4 Kh2 49. Kg4 Be7 50. c4 bxc3 51. bxc3 g1=Q+ 52. Nxg1 Kxg1
53. Kh3 Kf2 54. d5 Ke3 55. d6 Bxd6 56. Kxh4 Kd3 57. Kg4 Kxc3 58. Kf3 Kb4 59. a5
a6 60. Ke2 Kb3 61. Kd3 Bb4 0-1

[Event "ONJK 2018 DE"]
[Site "Borne, Netherlands"]
[Date "2018.08.07"]
[Round "3.11"]
[White "Mainka, Ingmar"]
[Black "De Jong, Quint"]
[Result "1-0"]
[WhiteElo "1190"]
[BlackElo "1005"]
[PlyCount "51"]
[EventDate "2018.??.??"]

1. e4 c5 2. Nf3 Nc6 3. d4 cxd4 4. Nxd4 e5 5. Nf3 Nf6 6. Nc3 Bb4 7. Bg5 h6 8.
Bh4 d6 9. Bc4 Nd4 10. Nxd4 exd4 11. Qxd4 Bc5 12. Bxf6 Bxd4 13. Bxd8 Bxc3+ 14.
bxc3 Kxd8 15. Bxf7 b6 16. Bd5 Rb8 17. O-O g5 18. Rad1 h5 19. Bc4 Ke7 20. f4 g4
21. g3 h4 22. e5 dxe5 23. fxe5 Bb7 24. e6 hxg3 25. Rf7+ Ke8 26. Bb5+ 1-0

[Event "ONJK 2018 DE"]
[Site "Borne, Netherlands"]
[Date "????.??.??"]
[Round "4.1"]
[White "Malfliet, Alexander"]
[Black "Salomons, Matthijs"]
[Result "0-1"]
[WhiteElo "1445"]
[BlackElo "1260"]
[PlyCount "90"]
[EventDate "2018.??.??"]

1. e4 e6 2. d4 d5 3. exd5 exd5 4. Bd3 Nf6 5. Nc3 Bg4 6. f3 Be6 7. Nge2 Nbd7 8.
Bf4 c6 9. Qd2 Qb6 10. O-O-O c5 11. dxc5 Bxc5 12. Na4 Qb4 13. Qxb4 Bxb4 14. a3
Bc5 15. Bg5 b6 16. Bb5 O-O 17. Nf4 Be3+ 18. Kb1 Bxf4 19. Bxf4 a6 20. Bxd7 Nxd7
21. Bc7 b5 22. Nc3 Nf6 23. g4 Rac8 24. Bd6 Rfe8 25. g5 Nh5 26. Nxd5 Bxd5 27.
Rxd5 Re2 28. Bc5 Nf4 29. Rd6 Ne6 30. b4 Nxg5 31. Rd7 Nxf3 32. Rf1 Nd2+ 33. Rxd2
Rxd2 34. h4 Rcd8 35. Kb2 h6 36. Rf4 R8d5 37. Re4 f5 38. Re8+ Kf7 39. Ra8 Re2
40. Kc3 Re6 41. Kb3 g5 42. h5 g4 43. Rf8+ Kg7 44. Ra8 g3 45. Bf8+ Kf7 0-1

[Event "ONJK 2018 DE"]
[Site "Borne, Netherlands"]
[Date "????.??.??"]
[Round "4.2"]
[White "De Rooij, Kevin"]
[Black "Froeyman, Hugo"]
[Result "0-1"]
[WhiteElo "1188"]
[BlackElo "1416"]
[PlyCount "108"]
[EventDate "2018.??.??"]

1. d4 c6 2. c4 d5 3. Nc3 Nf6 4. cxd5 cxd5 5. Bg5 e6 6. Bxf6 Qxf6 7. Nb5 Bb4+ 8.
Nc3 O-O 9. Nf3 Nc6 10. a3 Ba5 11. e3 Bd8 12. Qc2 b6 13. Bd3 h6 14. Rc1 Bb7 15.
Nb5 Be7 16. e4 a6 17. exd5 exd5 18. Nc7 Rac8 19. Nxd5 Qe6+ 20. Ne3 Nxd4 21. Qd1
Nxf3+ 22. gxf3 Rxc1 23. Qxc1 Bxf3 24. Rg1 Rc8 25. Qd2 Bg5 26. Bf5 Bxe3 27. Bxe6
Bxd2+ 28. Kxd2 fxe6 29. Rg6 Bd5 30. f4 Rf8 31. Ke3 Kh7 32. Rg1 Rf5 33. Rc1 e5
34. fxe5 Rxe5+ 35. Kd4 Rh5 36. Rc2 Bf3 37. Rc3 Bh1 38. Rc2 Rc5 39. Rxc5 bxc5+
40. Kxc5 Bg2 41. Kb6 Bf1 42. a4 Kg6 43. b4 Kf5 44. b5 axb5 45. axb5 g5 46. Kc5
Bxb5 47. Kxb5 Kg4 48. Kc4 Kh3 49. Kd3 Kxh2 50. Ke2 g4 51. Kf2 g3+ 52. Kf3 g2
53. Kg4 g1=Q+ 54. Kh5 Qg5# 0-1

[Event "ONJK 2018 DE"]
[Site "Borne, Netherlands"]
[Date "????.??.??"]
[Round "4.3"]
[White "Voorbergen, Milan"]
[Black "De Putter, Sven"]
[Result "0-1"]
[WhiteElo "749"]
[BlackElo "1282"]
[PlyCount "106"]
[EventDate "2018.??.??"]

1. e4 e5 2. Nf3 Nc6 3. Nc3 Nf6 4. d3 h6 5. Be2 Bc5 6. h3 d6 7. Bd2 O-O 8. Qc1
Re8 9. g4 Nd4 10. Nxd4 Bxd4 11. g5 hxg5 12. Bxg5 c6 13. Rg1 Bxh3 14. Bh6 g6 15.
Qg5 Nh7 16. Qg3 Be6 17. Bh5 Qf6 18. Bg5 Nxg5 19. Qxg5 Qxg5 20. Rxg5 Kh7 21. Be2
Bxc3+ 22. bxc3 Kg7 23. Kd2 Rh8 24. f3 Rh7 25. Rb1 b6 26. c4 Rah8 27. Rg2 Rh2
28. Rbg1 Rxg2 29. Rxg2 d5 30. cxd5 cxd5 31. exd5 Bxd5 32. Rg4 a5 33. a4 Rh3 34.
Ke3 f5 35. Kf2 fxg4 36. fxg4 Rh2+ 37. Ke3 Be6 38. Bf3 Rh4 39. d4 exd4+ 40. Kxd4
Bxg4 41. Bxg4 Rxg4+ 42. Kd3 Rf4 43. c3 g5 44. c4 g4 45. Ke3 Rf8 46. Kd4 g3 47.
c5 bxc5+ 48. Kxc5 g2 49. Kb5 g1=Q 50. Kxa5 Qc5+ 51. Ka6 Rf6+ 52. Kb7 Qe7+ 53.
Kc8 Rf8# 0-1

[Event "ONJK 2018 DE"]
[Site "Borne, Netherlands"]
[Date "????.??.??"]
[Round "4.4"]
[White "Debunne, Lasse"]
[Black "Jutba, Christal"]
[Result "1/2-1/2"]
[WhiteElo "1206"]
[BlackElo "318"]
[PlyCount "54"]
[EventDate "2018.??.??"]

1. e4 e5 2. Nf3 Nc6 3. Bc4 Nf6 4. Nc3 Bc5 5. d3 Na5 6. Nxe5 O-O 7. Bg5 Nxc4 8.
dxc4 d6 9. Nd3 Bg4 10. f3 Be6 11. Nxc5 Bxc4 12. Bxf6 Qxf6 13. Nd7 Qe7 14. Nxf8
Qxf8 15. Nd5 Rc8 16. Qd4 Ba6 17. O-O-O c5 18. Qe3 Qd8 19. h4 Qa5 20. Ne7+ Kf8
21. Nxc8 b6 22. Qg5 f6 23. Qf5 Bxc8 24. Qxc8+ Kf7 25. Qd7+ Kg6 26. Qg4+ Kf7 27.
Qe6+ Kxe6 1/2-1/2

[Event "ONJK 2018 DE"]
[Site "Borne, Netherlands"]
[Date "????.??.??"]
[Round "4.5"]
[White "Muntean, Felix"]
[Black "Wiggers, Ivanke"]
[Result "1-0"]
[WhiteElo "1310"]
[BlackElo "752"]
[PlyCount "77"]
[EventDate "2018.??.??"]

1. e4 e5 2. Nf3 Nc6 3. Bc4 Nf6 4. d3 d5 5. exd5 Nxd5 6. Qe2 Bg4 7. Qe4 Ncb4 8.
Na3 Bxf3 9. Qxf3 Nf6 10. Qxb7 Nbd5 11. Qc6+ Ke7 12. Bd2 Rb8 13. Nb5 Qd7 14.
Nxa7 Rxb2 15. Bxd5 Nxd5 16. Qc5+ Kf6 17. Qc4 g6 18. Qh4+ Kg7 19. Bh6+ Kg8 20.
Bxf8 Kxf8 21. Qh6+ Kg8 22. Qg5 c6 23. Qxe5 Rxc2 24. Rb1 f6 25. Qb8+ Kg7 26. Rb7
Rxb8 27. Rxd7+ Kh6 28. O-O Ra8 29. Nxc6 Rxc6 30. Rxd5 Rxa2 31. Re1 Rc7 32. g3
Rcc2 33. Rf1 f5 34. Rd8 Kg5 35. d4 h5 36. d5 Rd2 37. d6 Kg4 38. Kg2 g5 39. h3#
1-0

[Event "ONJK 2018 DE"]
[Site "Borne, Netherlands"]
[Date "????.??.??"]
[Round "4.6"]
[White "Groen, Jari"]
[Black "Cappan, Pjotr"]
[Result "1-0"]
[WhiteElo "1187"]
[BlackElo "1422"]
[PlyCount "121"]
[EventDate "2018.??.??"]

1. e4 e5 2. Nf3 Nc6 3. d4 exd4 4. Nxd4 Bc5 5. Be3 Qf6 6. c3 Nge7 7. Bc4 Ne5 8.
Be2 O-O 9. O-O Re8 10. Nb5 Qb6 11. Bxc5 Qxc5 12. Qd4 Qc6 13. Qxe5 d6 14. Qh5 a6
15. Nd4 Qb6 16. Nb3 a5 17. Qb5 Qxb5 18. Bxb5 c6 19. Be2 Ng6 20. f3 Nf4 21. Re1
d5 22. N1d2 f5 23. Bf1 a4 24. Nc5 dxe4 25. fxe4 Rd8 26. g3 Rxd2 27. gxf4 Rxb2
28. Reb1 Rc2 29. Rc1 Rb2 30. Bc4+ Kf8 31. Nd3 a3 32. e5 g5 33. Rab1 Rd2 34. Rd1
Rc2 35. Rbc1 Re2 36. Nf2 Rb2 37. Rb1 Rc2 38. Rdc1 Rd2 39. Kf1 Ra4 40. Rd1 Rb2
41. Rxb2 axb2 42. Bb3 Ra8 43. Rb1 Ke7 44. fxg5 c5 45. Rxb2 b5 46. Bd5 Rb8 47.
Nd3 c4 48. Bxc4 Ba6 49. Nc5 Bc8 50. Rxb5 Rxb5 51. Bxb5 Be6 52. Nxe6 Kxe6 53. a4
Kxe5 54. a5 Kf4 55. a6 Kxg5 56. a7 h5 57. a8=Q Kh4 58. Qf8 Kg5 59. Bd7 f4 60.
Qf5+ Kh4 61. Qxf4# 1-0

[Event "ONJK 2018 DE"]
[Site "Borne, Netherlands"]
[Date "????.??.??"]
[Round "4.7"]
[White "Molanus, Florian"]
[Black "Van de Poel, Jona"]
[Result "1-0"]
[WhiteElo "1179"]
[BlackElo "656"]
[PlyCount "43"]
[EventDate "2018.??.??"]

1. d4 d5 2. c4 e6 3. Nc3 Bb4 4. Bd2 Ne7 5. e4 dxe4 6. Nxe4 Bxd2+ 7. Qxd2 O-O 8.
Nf3 b6 9. Bd3 Bb7 10. Nf6+ Kh8 11. Nxh7 Re8 12. Bc2 f5 13. Nhg5 Bxf3 14. Nf7+
Kg8 15. Nxd8 Bxg2 16. Rg1 Rxd8 17. Rxg2 Rd7 18. Qe3 Nec6 19. Qxe6+ Rf7 20. Qc8+
Kh7 21. Bxf5+ Kh6 22. Qh8# 1-0

[Event "ONJK 2018 DE"]
[Site "Borne, Netherlands"]
[Date "????.??.??"]
[Round "4.8"]
[White "Trunz, Michelle"]
[Black "Ponomarev, Ivan"]
[Result "1-0"]
[WhiteElo "1312"]
[BlackElo "1056"]
[PlyCount "47"]
[EventDate "2018.??.??"]

1. e4 c5 2. Nc3 e6 3. f4 Nc6 4. Nf3 d5 5. Bb5 Nge7 6. d3 a6 7. Bxc6+ Nxc6 8.
O-O Be7 9. Qe1 O-O 10. Qg3 Kh8 11. a3 d4 12. Ne2 b5 13. b3 a5 14. Qh3 a4 15.
Ng5 Bxg5 16. fxg5 e5 17. Qh5 axb3 18. cxb3 b4 19. Rxf7 Be6 20. g6 h6 21. Bxh6
Rxf7 22. Bg5+ Kg8 23. Qh7+ Kf8 24. Qh8# 1-0

[Event "ONJK 2018 DE"]
[Site "Borne, Netherlands"]
[Date "????.??.??"]
[Round "4.9"]
[White "Van Leeuwen, Robin"]
[Black "Mainka, Ingmar"]
[Result "1/2-1/2"]
[WhiteElo "1098"]
[BlackElo "1190"]
[PlyCount "102"]
[EventDate "2018.??.??"]

1. e4 e5 2. Nf3 Nf6 3. Nc3 Nc6 4. Bb5 Bc5 5. O-O O-O 6. d3 d6 7. Bg5 Bg4 8. Nd5
Nd4 9. Nxf6+ gxf6 10. Bh6 Bxf3 11. gxf3 Nxb5 12. Bxf8 Qxf8 13. Kh1 Kh8 14. Qd2
Nd4 15. Qd1 Qh6 16. Rg1 Qh5 17. Rg3 f5 18. c3 Ne6 19. Qg1 Nf4 20. Qf1 Re8 21.
Rd1 Re6 22. d4 exd4 23. cxd4 Bb6 24. a3 Rh6 25. Qg1 Rg6 26. e5 Ne2 27. Qg2
Nxg3+ 28. fxg3 f4 29. g4 Qh4 30. exd6 Rxd6 31. Qe2 Rxd4 32. Qe5+ Kg8 33. Rxd4
Bxd4 34. Qxd4 Qe1+ 35. Kg2 Qe2+ 36. Kh3 Qxf3+ 37. Kh4 Qc6 38. Qxf4 Kg7 39. Qg5+
Qg6 40. Qb5 Qh6+ 41. Kg3 Qd6+ 42. Kh3 Qh6+ 43. Kg3 Qe3+ 44. Kh4 Qf2+ 45. Kh3
Qf3+ 46. Kh4 Qf4 47. Kh3 Qf3+ 48. Kh4 Qc6 49. Qg5+ Kf8 50. Qd8+ Qe8 51. Qxc7
Qe7+ 1/2-1/2

[Event "ONJK 2018 DE"]
[Site "Borne, Netherlands"]
[Date "????.??.??"]
[Round "4.10"]
[White "Shin, Hayun"]
[Black "Koene, Noël"]
[Result "0-1"]
[WhiteElo "918"]
[BlackElo "535"]
[PlyCount "100"]
[EventDate "2018.??.??"]

1. e4 c5 2. Nf3 Nc6 3. Nc3 g6 4. d4 cxd4 5. Nxd4 Bg7 6. Be3 Nf6 7. f3 O-O 8.
Qd2 d5 9. exd5 Nxd5 10. Nxc6 bxc6 11. Bd4 e5 12. Bc5 Re8 13. Nxd5 cxd5 14. Bb5
Bd7 15. Bxd7 Qxd7 16. Rd1 d4 17. b3 e4 18. O-O e3 19. Qe2 Rac8 20. Ba3 Qc7 21.
Rc1 Bh6 22. Rfd1 Red8 23. Rd3 Qa5 24. b4 Qc7 25. Rb3 Bf4 26. g3 Be5 27. f4 Bg7
28. Qd3 Bf8 29. Qe2 Rd7 30. Qd3 Bd6 31. Qe2 Rb8 32. Qd3 g5 33. Qf5 gxf4 34.
Qg5+ Kf8 35. gxf4 Bxf4 36. b5+ Bd6 37. Qh6+ Kg8 38. Qg5+ Kh8 39. Qf6+ Kg8 40.
Qg5+ Kf8 41. Qh6+ Ke7 42. Qg5+ f6 43. Qg7+ Ke8 44. Qg8+ Ke7 45. Qg7+ Ke6 46.
Qg4+ f5 47. Qh5 Rg8+ 48. Kf1 Qb7 49. Rbb1 Qg2+ 50. Ke1 Qf2+ 0-1

[Event "ONJK 2018 DE"]
[Site "Borne, Netherlands"]
[Date "????.??.??"]
[Round "4.11"]
[White "Reina, Samson"]
[Black "Wolff, Calvin"]
[Result "0-1"]
[WhiteElo "773"]
[BlackElo "1095"]
[PlyCount "32"]
[EventDate "2018.??.??"]

1. d4 d5 2. c4 e6 3. Nc3 Be7 4. Nf3 Nf6 5. Bg5 h6 6. Bh4 b6 7. e3 Bb7 8. Be2
Nbd7 9. O-O O-O 10. g4 Nxg4 11. Kh1 dxc4 12. Bxe7 Qxe7 13. Bxc4 Qh4 14. d5 Qh3
15. Bb5 Nde5 16. Rg1 Nxf2# 0-1

[Event "ONJK 2018 DE"]
[Site "Borne, Netherlands"]
[Date "????.??.??"]
[Round "5.1"]
[White "De Putter, Sven"]
[Black "Salomons, Matthijs"]
[Result "1-0"]
[WhiteElo "1282"]
[BlackElo "1260"]
[PlyCount "25"]
[EventDate "2018.??.??"]

1. e4 e6 2. Nf3 d5 3. e5 c5 4. b4 Nc6 5. bxc5 Bxc5 6. d4 Bb6 7. c3 Nge7 8. Bd3
O-O 9. Bxh7+ Kxh7 10. Ng5+ Kg6 11. h4 Qc7 12. h5+ Kf5 13. Qf3# 1-0

[Event "ONJK 2018 DE"]
[Site "Borne, Netherlands"]
[Date "????.??.??"]
[Round "5.2"]
[White "Froeyman, Hugo"]
[Black "Van Doren, Frodo"]
[Result "0-1"]
[WhiteElo "1416"]
[BlackElo "876"]
[PlyCount "50"]
[EventDate "2018.??.??"]

1. e4 e5 2. Nf3 Nc6 3. Bb5 a6 4. Bxc6 bxc6 5. O-O d6 6. d4 exd4 7. Nxd4 Nf6 8.
Nxc6 Qd7 9. Nd4 g6 10. Nc3 Bg7 11. h3 O-O 12. Bg5 Rb8 13. Rb1 Re8 14. Qf3 Nxe4
15. Nxe4 Bxd4 16. Bf6 Rxe4 17. Qxe4 Bxf6 18. b3 Bb7 19. Qf4 Qc6 20. f3 Be5 21.
Qc1 Qc5+ 22. Kh1 Bg3 23. Qd2 Re8 24. c4 Qf5 25. f4 Qxh3+ 0-1

[Event "ONJK 2018 DE"]
[Site "Borne, Netherlands"]
[Date "????.??.??"]
[Round "5.3"]
[White "Kooistra, Marthijn"]
[Black "Malfliet, Alexander"]
[Result "0-1"]
[WhiteElo "924"]
[BlackElo "1445"]
[PlyCount "140"]
[EventDate "2018.??.??"]

1. e4 c5 2. Nf3 Nc6 3. Bc4 e6 4. Nc3 Nge7 5. d3 d5 6. Bb3 d4 7. Ne2 Ng6 8. c3
dxc3 9. bxc3 Be7 10. Ba3 Bd7 11. d4 cxd4 12. Bxe7 Qxe7 13. cxd4 O-O 14. O-O
Rac8 15. Qd3 Rfd8 16. Rac1 Be8 17. Rfd1 Nb4 18. Qe3 a5 19. Rxc8 Rxc8 20. Nc3 b5
21. a4 bxa4 22. Bxa4 Bxa4 23. Nxa4 Qd6 24. Qd2 Rc2 25. Qe3 Qd7 26. Nc3 Qc6 27.
Rc1 Rxc1+ 28. Qxc1 h6 29. Qa3 Qa6 30. h3 Qd3 31. Ne1 Qxd4 32. Nf3 Qb6 33. Na4
Qa6 34. Nc5 Qb5 35. Nb3 Nc6 36. Nfd4 Nxd4 37. Nxd4 Qb1+ 38. Kh2 Qxe4 39. Nb3
Qe5+ 40. Kg1 Qc3 41. Qa4 Qe1+ 42. Kh2 Qxf2 43. Qxa5 Nf4 44. Qa8+ Kh7 45. Qe4+
f5 46. Qf3 Qxf3 47. gxf3 g5 48. Nd4 Kg6 49. Kg3 e5 50. Nc2 Kf6 51. Ne1 Ke6 52.
Ng2 Nxg2 53. Kxg2 h5 54. Kf2 Kd5 55. Ke3 Kc4 56. Ke2 Kd4 57. Kd2 e4 58. Ke2 e3
59. Ke1 Kd3 60. Kd1 e2+ 61. Ke1 h4 62. f4 gxf4 63. Kf2 Kd2 64. Kg2 e1=Q 65. Kh2
Qg3+ 66. Kh1 Qxh3+ 67. Kg1 Qe3+ 68. Kf1 Qe2+ 69. Kg1 h3 70. Kh1 Qg2# 0-1

[Event "ONJK 2018 DE"]
[Site "Borne, Netherlands"]
[Date "????.??.??"]
[Round "5.4"]
[White "Molanus, Florian"]
[Black "Groen, Jari"]
[Result "1/2-1/2"]
[WhiteElo "1179"]
[BlackElo "1187"]
[PlyCount "35"]
[EventDate "2018.??.??"]

1. d4 Nf6 2. c4 e6 3. Nc3 Bb4 4. Bd2 O-O 5. e3 c6 6. Bd3 d5 7. Nge2 dxc4 8.
Bxc4 b5 9. Bd3 a6 10. e4 Bb7 11. Bg5 c5 12. e5 h6 13. Bxf6 gxf6 14. Ng3 f5 15.
dxc5 Bxc5 16. f3 Qd4 17. Qe2 Bc8 18. Qd2 1/2-1/2

[Event "ONJK 2018 DE"]
[Site "Borne, Netherlands"]
[Date "????.??.??"]
[Round "5.5"]
[White "Muntean, Felix"]
[Black "Debunne, Lasse"]
[Result "1-0"]
[WhiteElo "1310"]
[BlackElo "1206"]
[PlyCount "129"]
[EventDate "2018.??.??"]

1. e4 e5 2. Nf3 Nc6 3. Bc4 Nf6 4. d3 Bc5 5. Nc3 d6 6. O-O Bg4 7. Be3 Nd4 8.
Bxd4 Bxd4 9. Qe2 Bxc3 10. bxc3 d5 11. exd5 Nxd5 12. Qxe5+ Be6 13. Ng5 Qf6 14.
Rfe1 O-O-O 15. Qxf6 gxf6 16. Nxe6 fxe6 17. Rxe6 Nxc3 18. Rxf6 Rhe8 19. Re6 Rf8
20. Rae1 Na4 21. Re7 Nb6 22. Be6+ Kb8 23. Rxh7 Rde8 24. Kf1 Rf6 25. Bf7 Rxe1+
26. Kxe1 a6 27. Rh8+ Ka7 28. Bh5 Rc6 29. Kd2 Rd6 30. g4 Nc4+ 31. Ke2 Re6+ 32.
Kd1 Ne5 33. f4 Nf3 34. c3 Re1+ 35. Kc2 Re2+ 36. Kb3 Rxh2 37. g5 Nd2+ 38. Kb4
Rg2 39. g6 Nf1 40. Rg8 Ne3 41. Rg7 Nd5+ 42. Kc4 Nxf4 43. Bf3 Rxg6 44. Rxc7 Rb6
45. a4 a5 46. Rc5 Ka6 47. Rb5 Rxb5 48. axb5+ Kb6 49. Bd1 Ne6 50. d4 Nc7 51. Ba4
Ne6 52. d5 Nc5 53. Bc2 a4 54. Kb4 a3 55. Bb1 Nd3+ 56. Kc4 Ne5+ 57. Kb4 Nd3+ 58.
Kxa3 Kxb5 59. Bxd3+ Kc5 60. c4 b6 61. Ka4 Kd6 62. Kb5 Kc7 63. d6+ Kb7 64. d7
Kc7 65. Bf5 1-0

[Event "ONJK 2018 DE"]
[Site "Borne, Netherlands"]
[Date "????.??.??"]
[Round "5.6"]
[White "Van Egmond, Tom"]
[Black "De Rooij, Kevin"]
[Result "0-1"]
[WhiteElo "1205"]
[BlackElo "1188"]
[PlyCount "82"]
[EventDate "2018.??.??"]

1. Nf3 c5 2. c4 e6 3. Nc3 Nf6 4. g3 Nc6 5. Bg2 Be7 6. O-O b6 7. Ne5 Bb7 8. f4
Rb8 9. Nxc6 Bxc6 10. e4 O-O 11. Re1 b5 12. cxb5 Bxb5 13. Nxb5 Rxb5 14. Qa4 Qa5
15. Qxa5 Rxa5 16. d3 Rd8 17. h3 d5 18. e5 Nd7 19. Bd2 Rb5 20. b3 Rbb8 21. Ba5
Nb6 22. Rac1 Rdc8 23. Bf1 h6 24. g4 Bh4 25. Bxb6 Bxe1 26. Bxa7 Rb7 27. Rxe1
Rxa7 28. a4 Rb8 29. Rb1 Rab7 30. Rc1 Rxb3 31. Rxc5 Ra8 32. a5 Ra3 33. a6 R3xa6
34. Rc3 Ra1 35. Kf2 R8a2+ 36. Be2 Rh1 37. Ke3 Rxh3+ 38. Bf3 d4+ 39. Kxd4 Rxf3
40. Ke4 Rff2 41. d4 Rfe2+ 0-1

[Event "ONJK 2018 DE"]
[Site "Borne, Netherlands"]
[Date "????.??.??"]
[Round "5.7"]
[White "Vleming, Annabel"]
[Black "Ang, Rufus"]
[Result "1/2-1/2"]
[WhiteElo "856"]
[BlackElo "1147"]
[PlyCount "104"]
[EventDate "2018.??.??"]

1. d4 d5 2. c4 c6 3. Nc3 Nf6 4. Nf3 dxc4 5. e3 b5 6. a3 Bf5 7. Be2 e6 8. b3
cxb3 9. Qxb3 Be7 10. O-O O-O 11. Ne5 Nd5 12. e4 Nxc3 13. Qxc3 Bxe4 14. Qg3 Bf6
15. Be3 Bf5 16. Bg4 Be4 17. Rfd1 Nd7 18. Qf4 Bg6 19. Nxc6 Qc8 20. Rac1 Qb7 21.
Bf3 Qa6 22. Ne5 Bxe5 23. dxe5 Rad8 24. Rc7 Nb6 25. Rxd8 Rxd8 26. h4 Rc8 27. Re7
Qxa3 28. Rb7 Qa6 29. h5 Nd5 30. Bxd5 exd5 31. Re7 Bxh5 32. Rxa7 Qh6 33. Qf5 Qe6
34. Qxh5 g6 35. Qg5 Rb8 36. Re7 Qf5 37. Qh4 b4 38. g4 Qe4 39. Qf6 Qxg4+ 40. Kh2
Qh5+ 41. Kg3 Qf5 42. Qd6 Qc8 43. Bh6 Qc3+ 44. f3 Qe1+ 45. Kg2 Qe2+ 46. Kg3 Qe1+
47. Kg4 Qg1+ 48. Kf4 Qc1+ 49. Kg3 Qg1+ 50. Kh4 Qh2+ 51. Kg4 Qg2+ 52. Kf4 Qd2+
1/2-1/2

[Event "ONJK 2018 DE"]
[Site "Borne, Netherlands"]
[Date "????.??.??"]
[Round "5.8"]
[White "Kumar, Prajit Sai"]
[Black "Trunz, Michelle"]
[Result "1/2-1/2"]
[WhiteElo "845"]
[BlackElo "1312"]
[PlyCount "82"]
[EventDate "2018.??.??"]

1. e4 c5 2. Nf3 d6 3. Nc3 Nf6 4. Be2 e6 5. O-O Be7 6. d4 cxd4 7. Nxd4 a6 8. Be3
O-O 9. f4 Qc7 10. Qd3 Rd8 11. Qc4 Qxc4 12. Bxc4 b5 13. Bd3 Bb7 14. a3 Nbd7 15.
Nf3 Rac8 16. Rae1 Nc5 17. Nd2 d5 18. exd5 Nxd3 19. cxd3 Nxd5 20. Nxd5 Rxd5 21.
d4 Bf6 22. Nf3 Rd6 23. Ne5 Rdd8 24. Rc1 h6 25. Rfd1 Bxe5 26. dxe5 Rxc1 27. Rxc1
Rc8 28. Rxc8+ Bxc8 29. Kf2 Kf8 30. Ke2 Ke8 31. Kd3 Kd7 32. Bc5 h5 33. Kd4 Kc6
34. b4 Bb7 35. g3 Kd7 36. Bf8 g6 37. Kc5 Kc7 38. Bd6+ Kd7 39. Kb6 Be4 40. Kxa6
Kc6 41. Ka7 Bd3 1/2-1/2

[Event "ONJK 2018 DE"]
[Site "Borne, Netherlands"]
[Date "????.??.??"]
[Round "5.9"]
[White "Mainka, Ingmar"]
[Black "Koene, Noël"]
[Result "0-1"]
[WhiteElo "1190"]
[BlackElo "535"]
[PlyCount "84"]
[EventDate "2018.??.??"]

1. e4 c5 2. Nf3 Nc6 3. d4 cxd4 4. Nxd4 g6 5. Be3 Bg7 6. Be2 Nf6 7. Nc3 O-O 8.
O-O d5 9. Bf3 dxe4 10. Nxc6 bxc6 11. Nxe4 Nxe4 12. Bxe4 Bxb2 13. Rb1 Be5 14.
Bxc6 Ba6 15. Re1 Rc8 16. Ba4 Bc3 17. Qxd8 Rcxd8 18. Red1 Be2 19. Rxd8 Rxd8 20.
Bxa7 Ra8 21. Rb8+ Rxb8 22. Bxb8 Bb2 23. Bb3 Kg7 24. f3 f5 25. Kf2 Bb5 26. c4
Bd4+ 27. Ke2 Ba6 28. Kd3 e5 29. f4 Kf6 30. Ba4 Bb7 31. g3 Be4+ 32. Kd2 exf4 33.
Bxf4 g5 34. Bb8 Bg1 35. h4 h6 36. Bc2 Bxc2 37. Kxc2 Bh2 38. h5 f4 39. gxf4 g4
40. Kd3 g3 41. Ke2 g2 42. Kf2 g1=Q+ 0-1